Pokémon - Les attaques de Félinferno - Statistiques

Statistiques générales
  • Ce quiz a été pris 33 fois
  • Le résultat moyen est 10 sur 18
Statistiques - réponses
Niveaux Types Noms des attaques % Correct
Évolution Ténèbres Dark Lariat
91%
Départ Feu Flammèche
87%
Niveau 44 Feu Lance-Flammes
78%
Niveau 15 Ténèbres Morsure
78%
Réapprentissage Normal Rugissement
78%
Niveau 58 Feu Boutefeu
74%
Niveau 25 Feu Crocs Feu
74%
Réapprentissage Normal Griffe
70%
Départ Spectre Léchouille
65%
Départ Combat Gonflette
52%
Réapprentissage Ténèbres Exécu-Son
43%
Niveau 12 Normal Combo-Griffe
39%
Départ Combat Coup Croix
39%
Niveau 20 Combat Double Pied
26%
Niveau 9 Normal Hurlement
26%
Niveau 51 Normal Mania
17%
Niveau 32 Normal Vantardise
17%
Niveau 30 Normal Grimace
13%
Aucun quiz correspondant
Distribution des résultats
% des personnes avec chaque résultat
Percentile par nombre de réponses
Votre historique - résultats
Vous n’avez pas pris ce quiz